| 000 | 00388nam a22001577a 4500 | ||
|---|---|---|---|
| 003 | OSt | ||
| 008 | 201119b ||||| |||| 00| 0 eng d | ||
| 020 | _a9781259006463 | ||
| 100 | _aBHARGAVA, N.N and Others | ||
| 245 | _aBasic Electronics and Linear Circuits | ||
| 250 | _a19th Ed. | ||
| 260 |
_a New Delhi _bTMH _c2019 |
||
| 300 | _a482 | ||
| 650 | _aB.Sc. Non Medical | ||
| 942 |
_2ddc _cBK |
||
| 999 |
_c9240 _d9240 |
||